Humphrey Bogart Movies: Sudden Death - Statistics

General Stats
  • This quiz has been taken 97 times
  • The average score is 9 of 13
Answers on the Grid
Answers color-coded by a green-red scale on the quiz's grid according to % correct below.
On the Waterfront
High Sierra
The Sting
Casablanca
Key Largo
Cat on a Hot Tin Roof
The Big Sleep
The Maltese Falcon
The Harder They Fall
Citizen Kane
The Petrified Forest
The African Queen
The Caine Mutiny
Double Indemnity
A Streetcar Named Desire
Sabrina
In a Lonely Place
The Treasure of the Sierra Madre
Rear Window
To Have and Have Not
 
Answer Stats
Answer % Correct
Casablanca
91%
The Maltese Falcon
85%
The African Queen
82%
Key Largo
81%
The Treasure of the Sierra Madre
73%
The Big Sleep
72%
High Sierra
70%
Sabrina
66%
In a Lonely Place
64%
The Caine Mutiny
64%
The Harder They Fall
63%
To Have and Have Not
63%
The Petrified Forest
57%
No matching quizzes found
Score Distribution
Percent of People with Each Score
Percentile by Number Answered
Your Score History
You have not taken this quiz